[Event "Vojvodina-chT"]
[Site "Kac"]
[Date "2016.11.15"]
[Round "1.4"]
[White "Ilicin, Mladen"]
[Black "Radlovacki, Jovan"]
[Result "0-1"]
[WhiteElo "2051"]
[BlackElo "2328"]
[PlyCount "56"]
[EventDate "2016.11.15"]
[EventType "team-tourn"]
[EventRounds "11"]
[EventCountry "SRB"]
[SourceTitle "CBM 175 Extra"]
[Source "ChessBase"]
[SourceDate "2016.12.12"]
[SourceVersion "1"]
[SourceVersionDate "2016.12.12"]
[SourceQuality "1"]
[WhiteTeam "Bilecanin"]
[BlackTeam "Omladinac"]
[WhiteTeamCountry "SRB"]
[BlackTeamCountry "SRB"]

1. e4 c6 2. d4 d5 3. exd5 cxd5 4. c4 Nf6 5. Nc3 Nc6 6. Nf3 Bg4 7. Be2 e6 8. c5 Be7 9. h3 Bxf3 10. Bxf3 0-0 11. 0-0 b6 12. cxb6 Qxb6 13. Ne2 Ne8 14. b3 Nd6 15. Bb2 Rfd8 16. Rc1 Bf6 17. Qd3 Bg5 18. Rcd1 Rac8 19. Nc3 Nf5 20. Na4 Qc7 21. Bg4 Nh6 22. Be2 Nb4 23. Qb5 Rb8 24. Qc5 Qb7 25. Qa5 Nc6 26. Qc3 Bf6 27. Nc5 Qe7 28. Qd2 Nf5 0-1